| Tag |
First Indicator |
Second Indicator |
Subfields |
| LEADER |
00000cam a2200000 a 4500 |
| 001 |
in00001448421 |
| 005 |
20151021051114.0 |
| 008 |
970724s1997 txuab b 000 0 eng d |
| 035 |
|
|
|a (OCoLC)37349985
|
| 035 |
|
|
|9 AJD7986AM
|
| 040 |
|
|
|a TXH
|c TXH
|d IQU
|d TXA
|d UtOrBLW
|
| 043 |
|
|
|a n-us-tx
|
| 049 |
|
|
|a TXAO
|
| 086 |
|
|
|a A 1900.7 R299i no.104
|2 txdocs
|
| 090 |
|
|
|a F392.D35
|b F53 1997
|
| 100 |
1 |
|
|a Fields, Ross C.
|
| 245 |
1 |
0 |
|a Synthesis of the prehistoric and historic archeology of Cooper Lake, Delta and Hopkins Counties, Texas /
|c by Ross C. Fields, Marie E. Blake, and Karl W. Kibler ; with contributions by Timothy K. Perttula, D. Gentry Steele and Diane Wilson ; principal investigator, Ross C. Fields.
|
| 246 |
3 |
0 |
|a Archeology of Cooper Lake, Delta and Hopkins Counties, Texas
|
| 264 |
|
1 |
|a Austin, Tex. :
|b Prewitt and Associates,
|c [1997]
|
| 300 |
|
|
|a x, 244 pages :
|b illustrations, maps ;
|c 28 cm.
|
| 336 |
|
|
|a text
|b txt
|2 rdacontent
|
| 337 |
|
|
|a unmediated
|b n
|2 rdamedia
|
| 338 |
|
|
|a volume
|b nc
|2 rdacarrier
|
| 490 |
1 |
|
|a Reports of investigations ;
|v no. 104
|
| 500 |
|
|
|a On cover: [Fundng provided by] U.S. Army Corps of Engineers, Fort Worth District.
|
| 500 |
|
|
|a "March 1997."
|
| 504 |
|
|
|a Includes bibliographical references (pages 240-244).
|
| 651 |
|
0 |
|a Cooper Lake (Tex.)
|x Antiquities.
|
| 651 |
|
0 |
|a Delta County (Tex.)
|x Antiquities.
|
| 651 |
|
0 |
|a Hopkins County (Tex.)
|x Antiquities.
|
| 650 |
|
0 |
|a Excavations (Archaeology)
|z Texas
|z Cooper Lake.
|
| 650 |
|
0 |
|a Excavations (Archaeology)
|z Texas
|z Delta County.
|
| 650 |
|
0 |
|a Excavations (Archaeology)
|z Texas
|z Hopkins County.
|
| 650 |
|
0 |
|a Indians of North America
|z Texas
|z Delta County
|x Antiquities.
|
| 650 |
|
0 |
|a Indians of North America
|z Texas
|z Hopkins County
|x Antiquities.
|
| 700 |
1 |
|
|a Blake, Marie E.
|q (Marie Elaina),
|d 1970-
|
| 700 |
1 |
|
|a Kibler, Karl W.
|q (Karl William),
|d 1965-
|
| 710 |
1 |
|
|a United States.
|b Army.
|b Corps of Engineers.
|b Fort Worth District.
|
| 830 |
|
0 |
|a Reports of investigations (Prewitt and Associates) ;
|v no. 104.
|
| 999 |
|
|
|a MARS
|
| 999 |
f |
f |
|s 27436d07-68de-3cde-9ecc-df9363305035
|i 5414a61d-1deb-3e5e-ac27-348b47567ff1
|t 0
|
| 952 |
f |
f |
|p normal
|a Texas A&M University
|b College Station
|c Sterling C. Evans Library
|d Evans: Texas Documents (Annex 5th floor)
|t 0
|e A 1900.7 R299i no.104
|h Superintendent of Documents classification
|i unmediated -- volume
|m A14823198942
|
| 998 |
f |
f |
|a A 1900.7 R299i no.104
|t 0
|l Evans: Texas Documents (Annex 5th floor)
|